000 01159nam0a22002651 4500
001 rc\4918279
005 20250612203709.0
035 _a(NLR Aleph) 008840100
090 _a8337377
_c8337377
100 _a20130426d1968 |||y0rusy50 ca
101 0 _arus
102 _aRU
105 _aa j |||||
200 1 _aУчебное пособие по курсу "Радиопередающие устройства"
_eОсновные характеристики металлокерамических триодов малой мощности в непрерывном режиме работы
_e(Для заоч. обучения)
_e[Макет]
_fСост. П.В. Беспалов
_gКиевское высш. инж.-авиац. училище ВВС
210 _aКиев
_cБ. и.
_d1968
215 _a12 с.
_cил.
_d21
300 _aНа обл. сост. не указан
300 _aОтпеч. множит. аппаратом
333 _aДля внутривед. продажи
700 1 _aБеспалов
_bП.В.
_4220
801 0 _aRU
_bNLR
_gpsbo
801 1 _aRU
_bELAR
_2rusmarc
852 _aNLR
_j50К/17808
942 _cBOOK
980 _aNB